书目信息 |
| 题名: |
你我不是同林鸟
|
|
| 作者: | 陈修平 编著 | |
| 分册: | ||
| 出版信息: | 北京 中国时代经济出版社 2005.1 |
|
| 页数: | 242页 | |
| 开本: | 24cm | |
| 丛书名: | ||
| 单 册: | ||
| 中图分类: | F272.92 | |
| 科图分类: | ||
| 主题词: | 企业--qi ye--职工--修养 , 企业--qi ye , 职工--zhi gong , 修养--xiu yang | |
| 电子资源: | ||
| ISBN: | 7-80169-673-5 | |
| 000 | 01070nam0 2200313 450 | |
| 000 | 01090nam0 2200313 450 | |
| 000 | 01053nam0 2200301 450 | |
| 000 | 01036nam0 2200301 450 | |
| 000 | 00999nam0 2200289 45 | |
| 001 | 012005000794 | |
| 005 | 20050428101010.0 | |
| 010 | @a7-80169-673-5@d23.00CNY | |
| 100 | @a20050428d2005 em y0chiy0121 ea | |
| 101 | 0 | @achi |
| 102 | @aCN@b110000 | |
| 105 | @ay z 000yy | |
| 200 | 1 | @a你我不是同林鸟@Ani wo bu shi tong lin niao@e培养最优秀的员工@f陈修平编著 |
| 210 | @a北京@c中国时代经济出版社@d2005.1 | |
| 215 | @a242页@d24cm | |
| 330 | @a本书阐述了企业优秀员工的准则,内容为站在老板的立场看问题,做老板的顶梁柱,把老板的事业当作自己的事业,学会合作你会更有力量,改变头脑就能改变命运等。 | |
| 517 | 1 | @a培养最优秀的员工@Apei yang zui you xiu de yuan gong |
| 606 | 0 | @a企业@Aqi ye@x职工@x修养 |
| 606 | 0 | @a企业@Aqi ye |
| 606 | 0 | @a职工@Azhi gong |
| 606 | 0 | @a修养@Axiu yang |
| 690 | @aF272.92@v4 | |
| 701 | 0 | @a陈修平@Achen xiu ping@4编著 |
| 801 | 0 | @aCN@bSRXX@c20050428 |
| 905 | @a10447@dF272.92@eC590 | |
| 你我不是同林鸟:培养最优秀的员工/陈修平编著.-北京:中国时代经济出版社,2005.1 |
| 242页;24cm |
| ISBN 7-80169-673-5:23.00CNY |
| 本书阐述了企业优秀员工的准则,内容为站在老板的立场看问题,做老板的顶梁柱,把老板的事业当作自己的事业,学会合作你会更有力量,改变头脑就能改变命运等。 |
| ● |
| 相关链接 |
|
|
|
正题名:你我不是同林鸟
索取号:F272.92/C590
 
预约/预借
| 序号 | 登录号 | 条形码 | 馆藏地/架位号 | 状态 | 备注 |
| 1 | 541212 | 205412123 | 社科库409/409社科库 89排4列2层/ [索取号:F272.92/C590] | 在馆 | |
| 2 | 541213 | 205412132 | 社科库409/409社科库 89排4列2层/ [索取号:F272.92/C590] | 在馆 | |
| 3 | 541214 | 205412141 | 社科库409/409社科库 89排4列2层/ [索取号:F272.92/C590] | 在馆 |